| 000 | 01123cam a2200313Ia 4500 | ||
|---|---|---|---|
| 001 | 50567 | ||
| 005 | 20230411090003.0 | ||
| 008 | 061005s2006 jm b 001 0 eng d | ||
| 035 | _a(OCoLC)ocm71890714 | ||
| 040 |
_aYDXCP _cYDXCP _dOCLCQ _dBXM |
||
| 020 | _a9766372470 ($25.00) | ||
| 020 | _a9789766372477 ($25.00) | ||
| 029 | 0 |
_aYDXCP _b2372199 |
|
| 029 | 1 |
_aNLGGC _b296067695 |
|
| 035 | _a(OCoLC)71890714 | ||
| 043 | _acc----- | ||
| 090 |
_aJL599.5.A58 _bS88 2006 |
||
| 049 | _aGRAL | ||
| 100 | 1 | _aSutton, Paul K. | |
| 245 | 1 | 0 |
_aModernizing the state : _bpublic sector reform in the Commonwealth Caribbean / _cPaul Sutton ; with contributions from Ann Marie Bissessar, Philip Osei, Michael Scott. |
| 260 |
_aKingston, Jamaica ; _aMiami, Fla. : _bIan Randle Publishers, _c2006. |
||
| 300 |
_axxiii, 232 p. ; _c24 cm. |
||
| 504 | _aIncludes bibliographical references and index. | ||
| 650 | 0 |
_aPublic administration _zCaribbean, English-speaking. |
|
| 650 | 0 |
_aCivil service reform _zCaribbean, English-speaking. |
|
| 938 |
_aYBP Library Services _bYANK _n2372199 |
||
| 942 |
_2lcc _cbk |
||
| 994 |
_aC0 _bDRFGD |
||
| 999 |
_c110467 _d110467 |
||